| 000 | 00706nam a22002177a 4500 | ||
|---|---|---|---|
| 999 |
_c5945 _d5945 |
||
| 003 | AR-CdUCM | ||
| 008 | 190313b ||||| |||| 00| 0 spa d | ||
| 040 |
_aMUNICIPALIDAD PROVINCIAL DEL CUSCO _cBIBLIOTECA MUNICIPAL DEL CUSCO |
||
| 082 |
_a759.946 / _bB52 |
||
| 245 |
_aLa mas grandiosa colección de arte del mundo : _bEl Bosco / |
||
| 260 |
_aBuenos Aires : _bCodex, _c1965. |
||
| 300 |
_a27 páginas ; _bilustracones a color ; _c36 cm. |
||
| 440 |
_aPinacoteca de los genios. _n85 _917455 |
||
| 650 |
_aArte _9561 |
||
| 650 |
_aPintura _93081 |
||
| 650 |
_aEspaña _9176 |
||
| 700 |
_aBianconi, Piero _917456 |
||
| 700 |
_aGaray, José Antonio (traductor) _917457 |
||
| 942 |
_2ddc _cLIBROS |
||
| 945 | _azta | ||